Helpline for stressed parents / (Record no. 63974)

MARC details
000 -LEADER
fixed length control field 00465nam a22001577a 4500
005 - DATE AND TIME OF LATEST TRANSACTION
control field 20181127134442.0
010 ## - LCCN (DPL NO)
LC control number B-218916
020 ## - INTERNATIONAL STANDARD BOOK NUMBER
International Standard Book Number 8183820697
Terms of availability 125.00
035 ## - SYSTEM CONTROL NUMBER
System control number B-218901,B-218898, B-218895, B-218916, B-218917
037 ## - SOURCE OF ACQUISITION
Stock number DPL
Source of stock number/acquisition ENG
100 ## - MAIN ENTRY--PERSONAL NAME
Personal name Belle, Eric
245 ## - TITLE STATEMENT
Title Helpline for stressed parents /
Statement of responsibility, etc by Eric Belle
260 ## - PUBLICATION, DISTRIBUTION, ETC. (IMPRINT)
Place of publication, distribution, etc New Delhi
Name of publisher, distributor, etc Lotus Press
Date of publication, distribution, etc 2006
300 ## - PHYSICAL DESCRIPTION
Extent vii, 184p.
Dimensions 18 cms.
942 ## - ADDED ENTRY ELEMENTS (KOHA)
Source of classification or shelving scheme Dewey Decimal Classification
Item type English Books
Classification part 155.9042
Call number suffix BEL
Holdings
Withdrawn status Lost status Not for loan Collection code Home library Current library Date acquired Cost, normal purchase price Full call number Barcode Cost, replacement price Koha item type Source of acquisition
      Non-fiction Patel Nagar Patel Nagar 06/08/2018 125.00 155.9042 BEL B-218895 125.00 English Books BPPD/PUB
      Non-fiction Sarojini Nagar Sarojini Nagar 12/03/2012 125.00 155.9042 BEL B-218901 125.00 English Books  
      Non-fiction Tri Nagar Tri Nagar 13/07/2018 125.00 155.9042 BEL B-218898 125.00 English Books BPPD/pub
      Non-fiction Vigyan Vihar Vigyan Vihar 27/11/2018 125.00 155.9042 BEL B-218917 125.00 English Books BPPD/PUB
      Non-fiction Yojana Vihar Yojana Vihar 06/11/2018 125.00 155.9042 BEL B-218916 125.00 English Books BPPD/PUB

© Delhi Public Library
Hit Counter
free hit counter